00823nam a2200181 a 450000100100000000500170001000800410002704000250006808200160009310000420010924501030015126000380025430000280029270000700032095201140039095201200050499900170062400003944420250217091458.0130628s1993 dr ac r 000 0 spa d aDO-SdBNPbspacBNPHU axxxxbR666e1 aRobles Toledano, Oscar Antonio96565310aEn tertulia /cOscar Antonio Robles Toledano ; prólogo Nicolás de Jesús López Rodríguez. aSanto Domingo :bCorripio,c1993. a123 p. :bil. ;c24 cm.1 a López Rodríguez, Nicolás de Jesús, d1936-epról.9670 0010718PDaPDbPDcHDd2013-06-28iLF1l0oxxxx R666ep39444-10r2020-06-25w2020-06-25yLFPDZNo se presta 0010718PDaPDbPDcHDd2018-06-20iLF1l0oxxxx R666ep39444-20r2020-06-25te. 2w2020-06-25yLFPDZNo se presta c38934d38934